Renacimiento y Barroco.

Salvato in:
Dettagli Bibliografici
Autore principale: Wölfflin, Heinrich (autor)
Natura: Libro
Lingua:spagnolo
Pubblicazione: Barcelona, España: Ediciones Paidós, 1991.
Edizione:1ª Edición en Ediciones Paidós.
Serie:Paidós Estética,
Soggetti:
Tags: Aggiungi Tag
Nessun Tag, puoi essere il primo ad aggiungerne!!

MARC

LEADER 00000nam a2200000 a 4500
001 UCX6522
003 CL-VaPUC
005 20250321101914.0
008 930713t19910000SP |||||||||||||||||spa|d
999 |c 446398  |d 446396 
020 |a 978-84-750-9350-5 
040 |c Pontificia Universidad Católica de Valparaíso 
082 0 4 |a 709.024 WOL 1991  |2 21 
100 0 |a Wölfflin, Heinrich  |e autor  |9 323035 
245 1 0 |a Renacimiento y Barroco. 
250 |a 1ª Edición en Ediciones Paidós.  |b Enteramente revisada.  
260 |a Barcelona, España:  |b Ediciones Paidós,  |c 1991. 
300 |a 163 páginas. 
490 0 |a Paidós Estética,  |n  8. 
500 |a c.1-c.4 Instituto Arcos. 08-01-2025. 
583 |a last modification  |c 19930713 00:00:00  |k Gabriela Rodríguez Cuevas 
650 0 |a Arte renacentista   |9 264949  |x Historia 
650 0 |a Arquitectura   |9 460068  |x Renacimiento  
650 0 |a Arquitectura   |9 460069  |x Barroco 
650 0 |a Arte barroco  |9 265546  |x Historia 
942 |c BK  |2 ddc  |n 0 
945 |d 19930713 00:00:00 
952 |0 0  |1 0  |2 ddc  |4 0  |6 709_024000000000000_WOL_1991  |7 0  |9 599031  |a BIBINC  |b BIBINC  |c GEN  |d 2025-01-09  |e Instituto Arcos  |i 5663952  |o 709.024 WOL 1991  |p 5663952  |r 2025-01-09  |t 1  |w 2025-01-09  |y BK  |k IFP 
952 |0 0  |1 0  |2 ddc  |4 0  |6 709_024000000000000_WOL_1991  |7 0  |9 599032  |a BIBINC  |b BIBINC  |c GEN  |d 2025-01-09  |e Instituto Arcos  |i 5663953  |o 709.024 WOL 1991  |p 5663953  |r 2025-01-09  |t 2  |w 2025-01-09  |y BK  |k IFP 
952 |0 0  |1 0  |2 ddc  |4 0  |6 709_024000000000000_WOL_1991  |7 0  |9 599034  |a BIBINC  |b BIBINC  |c GEN  |d 2025-01-09  |e Instituto Arcos  |i 5663955  |o 709.024 WOL 1991  |p 5663955  |r 2025-01-09  |t 3  |w 2025-01-09  |y BK  |k IFP 
952 |0 0  |1 0  |2 ddc  |4 0  |6 709_024000000000000_WOL_1991  |7 0  |9 599037  |a BIBINC  |b BIBINC  |c GEN  |d 2025-01-09  |e Instituto Arcos  |i 5663951  |o 709.024 WOL 1991  |p 5663951  |r 2025-01-09  |t 4  |w 2025-01-09  |y BK  |k IFP